• 首页
  • 本馆介绍
  • 公告通知
  • 最新文献
  • 馆藏检索
  • 电子资源
  • 读者导购
  • 参考咨询
  • 我的图书馆
  • 登录
  • 详细信息显示
  • 放入我的书架
  • 预约/预借图书
  • 作者相关作品
  • 分类相关作品
  • 丛书相关作品
  • 出版社相关作品

书目信息

  • 表格格式
  • 工作单格式
  • 卡片格式
题名:
道路交通管理法规汇编 上
    
 
作者: 本书组编
分册:  
出版信息: 北京   中国人民公安大学出版社  2000.07
页数: 752页
开本: 20cm
丛书名:
单 册:
中图分类: D922.149
科图分类:
主题词: 法律--中国
电子资源:
ISBN: 7-81059-491-5
000 00540nam0 2200181 450
001 0756159974
005 20070905100700.38
010    @a7-81059-491-5@dCNY37.50
100    @a20070904d2000 km y0chiy0120 ea
101 0  @achi
102    @aCN@b110000
200 1  @a道路交通管理法规汇编 上@Adao lu jiao tong guan li fa gui hui bian shang@f本书组编@Fben shu zu bian
210    @a北京@c中国人民公安大学出版社@d2000.07
215    @a752页@d20cm
606 0  @a法律@x中国
690    @aD922.149@v4
801  0 @aCN@bPFT@c20070905
905    @aBZT@dD922.149@e152
    
    道路交通管理法规汇编 上/本书组编.-北京:中国人民公安大学出版社,2000.07
    752页;20cm
    
    
    ISBN 7-81059-491-5:CNY37.50
    
●
相关链接 在五车中查询图书 在当当中查询图书 在豆瓣中查询图书


正题名:道路交通管理法规汇编 上     索取号:D922.149/152         预约/预借

序号 登录号 条形码 馆藏地/架位号 状态 备注
1 570719   230173672   中心书库南/012架B面7层9列/ [索取号:D922.149/152] 在馆    
2 570720   230173665   中心书库南/012架B面7层9列/ [索取号:D922.149/152] 在馆    
3 570721   230173664   中心书库南/012架B面7层9列/ [索取号:D922.149/152] 在馆    
4 570722   230173663   中心书库南/012架B面7层9列/ [索取号:D922.149/152] 在馆    
5 570723   230173669   中心书库南/012架B面7层9列/ [索取号:D922.149/152] 在馆    
6 570724   230173668   中心书库南/012架B面7层9列/ [索取号:D922.149/152] 在馆    
7 570725   230173667   中心书库南/012架B面7层9列/ [索取号:D922.149/152] 在馆    
8 570726   230173666   中心书库南/012架B面7层9列/ [索取号:D922.149/152] 在馆    
9 570727   230173670   中心书库南/012架B面7层9列/ [索取号:D922.149/152] 在馆    
10 570728   230173671   中心书库南/012架B面7层9列/ [索取号:D922.149/152] 在馆    
山东省滨州职业学院图书馆 欢迎您!
大连网信软件有限公司© 版权所有